000 00422 a2200157 4500
005 20250627145223.0
020 _a0-07-250330-0
082 _a330 FRA
100 _aFRANK R .
245 _aPrinciple of Economics
250 _a2nd Ed.
260 _aBoston,
_bMcGraw Hill,
_c2004.
300 _axl, 840p.: ill.; figure, picture, table.
_bglossary & index,
_c28cm.
700 _aBERNANKE, B . S .
942 _2ddc
_cBKS
999 _c5700
_d5700